Compn̊dio de direito do trabalho. Introduȯ̂ s̉ relaė̳s de trabalho

Bibliographic Details
Main Author: Proscurcin, Pedro
Format: Book
Language:Portuguese
Published: Brasil LTR Editora 2015
Subjects:
Online Access:Acceso restringido

MARC

LEADER 00000nam a22000007a 4500
005 20151104103618.0
007 cr||z| ||
008 151104s2015 bz ||||| |||| 00||0 por d
020 |a 978-85-361-8552-1 
035 |a 12916 
040 |a vLex 
090 |c 5655  |d 5655 
100 1 |a Proscurcin, Pedro 
245 1 0 |a Compn̊dio de direito do trabalho. Introduȯ̂ s̉ relaė̳s de trabalho  |h Recurso electrn̤ico] /  |c Pedro Proscurcin 
256 |a Servicio en ln̕ea 
260 |a Brasil  |b LTR Editora  |c 2015 
300 |a 1 recurso electrn̤ico  
500 |a As relaė̳s de produȯ̂ taylorista-fordista do sčulo passado pertencem ̉histr̤ia. As relaė̳s de trabalho do sčulo XXI devem ser valorizadas de forma compatv̕el com a evoluȯ̂ tecnolg̤ica pela qual passou a empresa e a sociedade. Acrescente-se que a reestruturaȯ̂ produtiva ̌um processo de melhoria contn̕ua, imposto pela competitividade. A nova organizaȯ̂ do trabalho impe̳ ao trabalhador desafios dir̀ios, provocados pela base tecnolg̤ica sobre a qual fluem os processos de produȯ̂ que ele tem de orientar. Este novo posicionamento d-̀se sob novos graus de subjetividade jamais pensados. A organizaȯ̂ produtiva deve gerar produtos e serviȯs ̉sociedade cada vez mais qualificados e complexos. Esta realidade das relaė̳s de trabalho nô pode ser ignorada pelo empregador, pelo empregado e pelo Estado. Com efeito, o atendimento das expectativas dos atores sociais deve ser uma via de duas môs.Mas ̌inafastv̀el a diferenȧ econm̥ica entre as partes sociais na relaȯ̂ de emprego. As relaė̳s de trabalho sofreram forte precarizaȯ̂ no final do sčulo passado, agravada por novas normas, ora sob o pretexto de crise econm̥ica, ora pelo ajuste dela decorrente. A verdade ̌que o sistema do capital vive de crises, mas que mantm̌ a sua inarredv̀el vocaȯ̂ reprodutiva, tal como ensinou Schumpeter, entre outros. Nesse sentido, o Direito do Trabalho deve ser revigorado quanto ao seu aspecto protetivo, particularmente, no tocante ̉garantia de emprego, ̉dignidade na prestaȯ̂ do trabalho e ̉qualidade de vida. O trabalho centraliza a sociedade e, a partir dele, ̌erigido o modelo de convivn̊cia desejado pela comunidade humana local. Atualmente, mais do que nunca, o sucesso da empresa ̌muito mais dependente do trabalho, pois a tecnologia se realiza na subjetividade do trabalho das organizaė̳s em conexô com a sociedade a quem deve a sua existn̊cia. Este novo quadro social requer novas normas legais, com tutelas socialmente mais responsv̀eis, que ultrapassam os limites da empresa e se projetam no conjunto da sociedade. Propostas como a terceirizaȯ̂ ilimitada sô arranjos reveladores de decadn̊cia moral. Um parlamento isolado, sem representaȯ̂ popular porque eleito pelo poder econm̥ico, jamais produzir ̀normas legt̕imas. A sociedade deve buscar novas formas democrt̀icas de intervenȯ̂ na elaboraȯ̂ das leis. Este Compn̊dio de Direito do Trabalho, em sua 3® ediȯ̂, estuda o ordenamento trabalhista com um novo olhar, seja doutrinariamente, seja observando as decise̳s dos tribunais. Trata-se de um livro-texto didt̀ico que tem responsabilidades para com a disciplina tčnica dos estudantes e comprometido com formaȯ̂ de profissionais crt̕icos, competentes e ťicos. 
506 1 |a Contenido solo disponible en los productos indicados  |d vLex Global  |d vLex Global (Academic Edition, excluding Law Schools)  |d vLex Global (U.S. Academic Edition, Law Schools)  |d vLex Global (U.S. Academic Edition, excluding Law Schools)  |d vLex Global (Academic Edition, Law Schools) 
650 0 4 |a Derecho del trabajo  |z Brasil  
740 0 |a vLex libros (servicio en ln̕ea) 
856 4 0 |u http://vlex.com/source/comp-ndio-de-direito-do-trabalho-introdu-o-as-rela-es-de-trabalho-12916  |z Acceso restringido 
942 |c BOOK 
999 0 |a Labor laws and legislation